<?xml version="1.0" encoding="UTF-8"?>
<record
    xmlns:xsi="http://www.w3.org/2001/XMLSchema-instance"
    xsi:schemaLocation="http://www.loc.gov/MARC21/slim http://www.loc.gov/standards/marcxml/schema/MARC21slim.xsd"
    xmlns="http://www.loc.gov/MARC21/slim">

  <leader>01212nam a22001457a 4500</leader>
  <datafield tag="999" ind1=" " ind2=" ">
    <subfield code="c">525940</subfield>
    <subfield code="d">525940</subfield>
  </datafield>
  <controlfield tag="008">240426b           ||||| |||| 00| 0 eng d</controlfield>
  <datafield tag="100" ind1=" " ind2=" ">
    <subfield code="a">Rabat&#xE9;, S., Jongen, E. and Atav, T. </subfield>
    <subfield code="9">51886</subfield>
  </datafield>
  <datafield tag="245" ind1=" " ind2=" ">
    <subfield code="a">Increasing the retirement age: Policy effects and underlying mechanisms</subfield>
  </datafield>
  <datafield tag="260" ind1=" " ind2=" ">
    <subfield code="a">American Economic Journal: Economic policy  </subfield>
  </datafield>
  <datafield tag="300" ind1=" " ind2=" ">
    <subfield code="a">16(1), Feb, 2024: p.259-291</subfield>
  </datafield>
  <datafield tag="520" ind1=" " ind2=" ">
    <subfield code="a">We study the effects of increasing the statutory retirement age (SRA) in the Netherlands, using regression discontinuity design and administrative data on the universe of the population. We find clear and large employment effects of the reform. A simple model in which individuals stay longer in their pre-SRA labor market state predicts the treatment effects well. The employment level before the SRA and the retirement hazard at the SRA are the key determinants of the effects of the policy change. Exploring potential explanations for the high hazard rate observed in the Netherlands, our results point to an important role for employers' effects.- Reproduced 

https://www.aeaweb.org/articles?id=10.1257/pol.20210101
</subfield>
  </datafield>
  <datafield tag="773" ind1=" " ind2=" ">
    <subfield code="a">American Economic Journal: Economic policy  </subfield>
  </datafield>
  <datafield tag="906" ind1=" " ind2=" ">
    <subfield code="a">RETIREMENT</subfield>
  </datafield>
  <datafield tag="942" ind1=" " ind2=" ">
    <subfield code="c">AR</subfield>
  </datafield>
  <datafield tag="952" ind1=" " ind2=" ">
    <subfield code="0">0</subfield>
    <subfield code="1">0</subfield>
    <subfield code="2">ddc</subfield>
    <subfield code="4">0</subfield>
    <subfield code="7">0</subfield>
    <subfield code="9">400994</subfield>
    <subfield code="a">IIPA</subfield>
    <subfield code="b">IIPA</subfield>
    <subfield code="d">2024-04-26</subfield>
    <subfield code="h">16(1), Feb, 2024: p.259-291</subfield>
    <subfield code="p">AR131733</subfield>
    <subfield code="r">2024-04-26</subfield>
    <subfield code="y">AR</subfield>
  </datafield>
</record>
